000 00718nam a2200229 i 4500
001 bg
100 1 _aWolszczak-Derlacz, Joanna.
245 0 0 _aWspólna Europa, różne ceny - analiza procesów konwergencji /
_cJoanna Wolszczak-Derlacz.
260 _aWarszawa :
_bCeDeWu,
_c2007.
300 _a187 s. :
_bwykr.
_c24 cm.
504 _aBibliogr.
650 9 _aCeny
_zkraje Unii Europejskiej
_yod 1990 r.
020 _a9788360089705
040 _cBPK
041 0 _apol
044 _apol
080 _a338.5(4-67)
920 _a978-83-60089-70-5
942 _cKS
008 s pl f |000 0 pol
999 _c54016
_d54016
856 _uhttp://koha.tu.koszalin.pl/cgi-bin/koha/opac-detail.pl?biblionumber=54016
_yKatalog online BPK